000 00303nam a22001337a 4500
008 181029b xxu||||| |||| 00| 0 eng d
020 _a9780321541949
041 _aeng
080 _26 ED
_a531
100 _a11
101 _aBIO
245 _aInvestigating Laboratory
_cMorgan.J.G
942 _2udc
_cBK
999 _c51009
_d51009